[Event "Lanzarote-ch"]
[Site "Arrecife de Lanzarote"]
[Date "2023.03.11"]
[Round "6.1"]
[White "Bangiev, Anton"]
[Black "Vera Martin, Antonio"]
[Result "1/2-1/2"]
[WhiteElo "1491"]
[BlackElo "1881"]
[PlyCount "52"]
[EventDate "2023.03.03"]
[EventType "swiss"]
[EventRounds "7"]
[EventCountry "ESP"]
[SourceTitle "EXT 2024"]
[Source "ChessBase"]
[SourceDate "2023.10.10"]
[SourceVersion "1"]
[SourceVersionDate "2023.10.10"]
[SourceQuality "1"]

1. e4 c6 2. d4 d5 3. exd5 cxd5 4. Bd3 Nc6 5. c3 g6 6. Nf3 Bg7 7. 0-0 Nh6 8. h3 0-0 9. Re1 f6 10. c4 e6 11. cxd5 exd5 12. Nc3 Nf5 13. Be3 Nxe3 14. Rxe3 f5 15. Bc2 Na5 16. Bb3 Nc4 17. Re2 a6 18. a4 Kh8 19. Rc1 b5 20. axb5 axb5 21. Nxb5 Ba6 22. Bxc4 dxc4 23. Nc3 Rb8 24. d5 Re8 25. Rcc2 Qa5 26. Rxe8+ Rxe8 1/2-1/2

[Event "Lanzarote-chT"]
[Site "Arrecife de Lanzarote"]
[Date "2021.07.03"]
[Round "1.1"]
[White "Vera Martin, Antonio"]
[Black "Martin Hernandez, Ruben"]
[Result "0-1"]
[WhiteElo "1901"]
[BlackElo "2238"]
[PlyCount "64"]
[EventDate "2021.07.03"]
[EventType "team-tourn"]
[EventRounds "6"]
[EventCountry "ESP"]
[SourceTitle "EXT 2022"]
[Source "ChessBase"]
[SourceDate "2021.10.06"]
[SourceVersion "1"]
[SourceVersionDate "2021.10.06"]
[SourceQuality "1"]
[WhiteTeam "Lanzarote CIAL"]
[BlackTeam "Lanzaloe"]
[WhiteTeamCountry "ESP"]
[BlackTeamCountry "ESP"]

1. d4 d5 2. Nf3 Nf6 3. g3 c6 4. Bg2 Bf5 5. Nbd2 h6 6. b3 a5 7. c4 e6 8. 0-0 Nbd7 9. Bb2 Be7 10. Ne5 0-0 11. Re1 a4 12. e4 Nxe4 13. Nxe4 dxe4 14. Bxe4 Bb4 15. Re3 Bxe4 16. Rxe4 a3 17. Bc1 Nxe5 18. Rxe5 Bc3 19. Rb1 Bxd4 20. Re1 Qf6 21. Qe2 e5 22. b4 Ra4 23. Rb3 Rfa8 24. Rd1 Qe6 25. Qc2 c5 26. bxc5 Rxc4 27. Qb1 Rxc5 28. Rxa3 Rxa3 29. Bxa3 Ra5 30. Bb2 Rb5 31. Rd2 Qb6 32. Rc2 g6 0-1

[Event "Lanzarote op"]
[Site "Lanzarote"]
[Date "2019.06.27"]
[Round "5"]
[White "Fleitas Batista, William"]
[Black "Vera Martin, Antonio"]
[Result "1-0"]
[WhiteElo "2032"]
[BlackElo "1896"]
[PlyCount "75"]
[EventDate "2019.06.24"]
[EventType "swiss"]
[EventRounds "9"]
[EventCountry "ESP"]
[SourceTitle "CBM 191 Extra"]
[Source "ChessBase"]
[SourceDate "2019.09.30"]
[SourceVersion "1"]
[SourceVersionDate "2019.09.30"]
[SourceQuality "1"]

1. Nf3 f5 2. c4 Nf6 3. Nc3 c6 4. g3 g6 5. Bg2 Bg7 6. 0-0 d6 7. Qc2 e5 8. d3 0-0 9. Rb1 Na6 10. b4 Qc7 11. Ba3 Re8 12. e3 h6 13. Rfc1 Be6 14. b5 Nb8 15. bxc6 bxc6 16. Nd2 Nbd7 17. Qa4 Rec8 18. Nb3 Rab8 19. Na5 Rxb1 20. Rxb1 Nb8 21. Rb7 Qd8 22. Rxa7 d5 23. Nb7 Qb6 24. c5 Qc7 25. Nd6 Qd8 26. Nxc8 Qxc8 27. Qb4 Nfd7 28. Qb7 Qd8 29. Nxd5 Qg5 30. Nb6 f4 31. Nxd7 Nxd7 32. Qxc6 Bf5 33. exf4 exf4 34. Qd5+ Kh7 35. c6 Nf6 36. Qf7 Nh5 37. Bd5 Qd8 38. Bf8 1-0

[Event "Lanzarote op"]
[Site "Lanzarote"]
[Date "2019.06.26"]
[Round "4"]
[White "Vera Martin, Antonio"]
[Black "Macias Reyes, Jose Luis"]
[Result "1-0"]
[WhiteElo "1896"]
[BlackElo "1527"]
[PlyCount "59"]
[EventDate "2019.06.24"]
[EventType "swiss"]
[EventRounds "9"]
[EventCountry "ESP"]
[SourceTitle "CBM 191 Extra"]
[Source "ChessBase"]
[SourceDate "2019.09.30"]
[SourceVersion "1"]
[SourceVersionDate "2019.09.30"]
[SourceQuality "1"]

1. d4 d5 2. g3 Nf6 3. Bg2 Bf5 4. Nf3 c6 5. b3 h6 6. 0-0 Nbd7 7. c4 e6 8. Nbd2 Be7 9. Bb2 0-0 10. Ne5 Nxe5 11. dxe5 Nd7 12. e4 dxe4 13. Nxe4 Bxe4 14. Bxe4 Qc7 15. f4 Rfd8 16. Qe2 a5 17. f5 exf5 18. Bxf5 Nf8 19. e6 f6 20. Qh5 Bc5+ 21. Kh1 Re8 22. Rae1 Re7 23. Re4 b6 24. Rg4 Kh8 25. Rg6 Nh7 26. Rg4 Rg8 27. Bxh7 Kxh7 28. Qg6+ Kh8 29. Bxf6 Rxe6 30. Qxh6# 1-0

[Event "Lanzarote op"]
[Site "Lanzarote"]
[Date "2019.06.24"]
[Round "1"]
[White "Pakleza, Zbigniew"]
[Black "Vera Martin, Antonio"]
[Result "1-0"]
[WhiteElo "2506"]
[BlackElo "1896"]
[PlyCount "89"]
[EventDate "2019.06.24"]
[EventType "swiss"]
[EventRounds "9"]
[EventCountry "ESP"]
[SourceTitle "CBM 191 Extra"]
[Source "ChessBase"]
[SourceDate "2019.09.30"]
[SourceVersion "1"]
[SourceVersionDate "2019.09.30"]
[SourceQuality "1"]

1. d4 f5 2. c4 Nf6 3. Nc3 c6 4. Nf3 g6 5. e3 Bg7 6. Be2 d6 7. 0-0 0-0 8. b4 a5 9. b5 Kh8 10. Ba3 Be6 11. Rb1 Nbd7 12. bxc6 bxc6 13. Qc2 Qc7 14. Rb3 Rfb8 15. Rfb1 Bg8 16. h3 e5 17. Rd1 e4 18. Nd2 d5 19. Na4 Rxb3 20. Nxb3 f4 21. exf4 Qxf4 22. Bc1 Qf5 23. c5 g5 24. Nb6 Ra7 25. Nc8 Ra8 26. Nb6 Ra7 27. Nxd7 Nxd7 28. a4 Nf6 29. Qc3 Be6 30. Qg3 Ra8 31. Qxg5 Qxg5 32. Bxg5 Ng8 33. Bd2 Ne7 34. Bc3 Nf5 35. Bg4 Bf6 36. Nxa5 Nxd4 37. Bxd4 Bxd4 38. Bxe6 Rxa5 39. Rxd4 Rxc5 40. Bd7 Kg7 41. a5 Rxa5 42. Bxc6 Kf6 43. Rxd5 Ra3 44. Rh5 e3 45. fxe3 1-0

[Event "Lanzarote-chT"]
[Site "Arrecife de Lanzarote"]
[Date "2019.03.22"]
[Round "4.3"]
[White "Gonzalez Acosta, Angel"]
[Black "Vera Martin, Antonio"]
[Result "1-0"]
[WhiteElo "2021"]
[BlackElo "1889"]
[PlyCount "93"]
[EventDate "2019.03.08"]
[EventType "team-tourn"]
[EventRounds "6"]
[EventCountry "ESP"]
[SourceTitle "EXT 2021"]
[Source "ChessBase"]
[SourceDate "2020.10.23"]
[SourceVersion "1"]
[SourceVersionDate "2020.10.23"]
[SourceQuality "1"]
[WhiteTeam "El Tablero de Guanapay"]
[BlackTeam "CIAL"]
[WhiteTeamCountry "ESP"]
[BlackTeamCountry "ESP"]

1. e4 c6 2. d4 d5 3. Nc3 dxe4 4. Nxe4 Bf5 5. Ng3 Bg6 6. N1e2 e6 7. Nf4 Qh4 8. Be3 Nd7 9. Qd2 Ngf6 10. f3 Bd6 11. 0-0-0 Bxf4 12. Bxf4 h6 13. Bd6 Qg5 14. Bf4 Qh4 15. Ne2 0-0 16. Bd6 Rfe8 17. Nf4 Bh7 18. g3 Qg5 19. Rg1 Nd5 20. h4 Qd8 21. Nxd5 cxd5 22. Bd3 Bxd3 23. Qxd3 Nb6 24. Bf4 Qe7 25. b3 a5 26. Kb1 a4 27. Bc1 axb3 28. cxb3 Nd7 29. g4 Nb8 30. g5 h5 31. g6 f5 32. Rg5 Nc6 33. Rd2 Ra5 34. Qe2 Rea8 35. f4 Qf6 36. Qe3 Nb4 37. a3 Nc6 38. Rxh5 Rb5 39. Bb2 Na5 40. Rd3 Qxg6 41. Rg5 Qf6 42. h5 Rb6 43. Rg6 Qh4 44. Qe5 Qe7 45. Rdg3 Nc6 46. Rxg7+ Kf8 47. Rg8+ 1-0

[Event "Puerto del Rosario op U2300 "]
[Site "Puerto del Rosario"]
[Date "2018.09.29"]
[Round "5"]
[White "Rodriguez Molina, Mario"]
[Black "Vera Martin, Antonio"]
[Result "0-1"]
[WhiteElo "1583"]
[BlackElo "1905"]
[PlyCount "63"]
[EventDate "2018.09.27"]
[EventType "swiss"]
[EventRounds "7"]
[EventCountry "ESP"]
[SourceTitle "CBM 187 Extra"]
[Source "ChessBase"]
[SourceDate "2018.11.04"]
[SourceVersion "1"]
[SourceVersionDate "2018.11.04"]
[SourceQuality "1"]

1. e4 c6 2. d4 d5 3. e5 c5 4. Nc3 cxd4 5. Qxd4 e6 6. Nf3 Ne7 7. Nb5 Nec6 8. Qd1 a6 9. Nbd4 Nd7 10. Nxc6 bxc6 11. Bd3 a5 12. 0-0 Be7 13. Re1 Ba6 14. Bxa6 Rxa6 15. Qe2 Qa8 16. Bg5 Bxg5 17. Nxg5 h6 18. Nf3 Rb6 19. b3 c5 20. Nd2 0-0 21. c4 d4 22. Ne4 Qb8 23. Nd6 Nxe5 24. Qxe5 Qxd6 25. Qxd6 Rxd6 26. Re5 Rc8 27. Kf1 f6 28. Re4 Kf7 29. f4 g5 30. g3 gxf4 31. Rxf4 Kg6 32. Kf2 0-1

[Event "Lanzarote op"]
[Site "Lanzarote"]
[Date "2018.06.29"]
[Round "8"]
[White "Rivero Castellano, Carlos Jesus"]
[Black "Vera Martin, Antonio"]
[Result "0-1"]
[WhiteElo "1591"]
[BlackElo "1920"]
[PlyCount "116"]
[EventDate "2018.06.25"]
[EventType "swiss"]
[EventRounds "9"]
[EventCountry "ESP"]
[SourceTitle "CBM 185 Extra"]
[Source "ChessBase"]
[SourceDate "2018.07.29"]
[SourceVersion "1"]
[SourceVersionDate "2018.07.29"]
[SourceQuality "1"]

1. e4 c6 2. Nc3 d5 3. Nf3 a6 4. d4 g6 5. exd5 cxd5 6. Be2 Bg7 7. 0-0 Nf6 8. Re1 0-0 9. Bf4 Nc6 10. Ne5 e6 11. Nxc6 bxc6 12. Qd3 a5 13. Qf3 Qb6 14. Bd6 Re8 15. Qd3 Nd7 16. Rad1 a4 17. b3 axb3 18. axb3 Ba6 19. Qd2 Bxe2 20. Rxe2 c5 21. dxc5 Nxc5 22. Be5 Bxe5 23. Rxe5 Rec8 24. Re3 Rc6 25. Rh3 Nd7 26. Na4 Qa5 27. Qxa5 Rxa5 28. Rc1 Nf6 29. Kf1 Ne4 30. Ke2 h5 31. Re3 Nd6 32. Rc3 Rxc3 33. Nxc3 Rc5 34. Na4 Rc7 35. f3 Kf8 36. Kd3 Ke7 37. c3 g5 38. Rc2 Rc8 39. b4 g4 40. f4 h4 41. Re2 Kf6 42. Nc5 Ra8 43. g3 hxg3 44. hxg3 Ra3 45. Nd7+ Ke7 46. Ne5 f5 47. Nc6+ Kf6 48. Re3 Ne4 49. Kd4 Nd6 50. Kd3 Ra2 51. Nd4 Ne4 52. Nc2 Rb2 53. b5 Rxb5 54. Nb4 Rc5 55. Na2 Ra5 56. Nb4 Ra3 57. Kd4 Ra1 58. Kd3 Rg1 0-1

[Event "Lanzarote op 2nd"]
[Site "Arrecife de Lanzarote"]
[Date "2018.06.27"]
[Round "5.15"]
[White "Vera Martin, Antonio"]
[Black "Perez Bolanos, David"]
[Result "1/2-1/2"]
[WhiteElo "1920"]
[BlackElo "1594"]
[PlyCount "150"]
[EventDate "2018.06.25"]
[EventType "swiss"]
[EventRounds "9"]
[EventCountry "ESP"]
[SourceTitle "EXT 2024"]
[Source "ChessBase"]
[SourceDate "2023.10.10"]
[SourceVersion "1"]
[SourceVersionDate "2023.10.10"]
[SourceQuality "1"]

1. d4 Nf6 2. c4 e6 3. Nf3 b6 4. g3 c6 5. Bg2 d5 6. b3 Bb7 7. 0-0 Be7 8. Bb2 0-0 9. Nbd2 Nbd7 10. Ne1 Rc8 11. e4 Nxe4 12. Nxe4 dxe4 13. Bxe4 Nf6 14. Bg2 Qc7 15. Nd3 Rfd8 16. Qe2 Nd7 17. Rad1 Bf6 18. Nf4 c5 19. d5 Bxb2 20. Qxb2 exd5 21. Bxd5 Nf6 22. Bg2 Bxg2 23. Nxg2 Rxd1 24. Rxd1 Rd8 25. Qe2 Rxd1+ 26. Qxd1 Qd7 27. Qxd7 Nxd7 28. Ne3 Ne5 29. Nd5 Kf8 30. Kf1 Ke8 31. Ke2 Kd7 32. h4 Nc6 33. g4 Kd6 34. Nc3 Ke6 35. f4 f5 36. Kf3 g6 37. g5 Ne7 38. Kg3 Kd7 39. Ne2 Kd6 40. h5 Ke6 41. h6 Kd6 42. Kf3 Kc6 43. Ke3 a5 44. Nc3 Kd6 45. Kd3 Kc6 46. Kc2 Kd6 47. a3 Kc6 48. Kb2 Kd6 49. Nb5+ Kc6 50. Kc3 Nc8 51. Kd3 Ne7 52. Ke3 Nc8 53. Nc3 Ne7 54. Kd3 Kd6 55. Ne2 Kc6 56. Ng3 Kd6 57. Kc3 Kc6 58. b4 axb4+ 59. axb4 b5 60. bxc5 Kxc5 61. cxb5 Nd5+ 62. Kb3 Nxf4 63. Ka4 Kb6 64. Kb4 Ne6 65. Nxf5 Nxg5 66. Ne7 Nf7 67. Nd5+ Kb7 68. Nf6 Nxh6 69. Nxh7 Nf5 70. Kc5 Ne7 71. Ng5 Nc8 72. Ne6 g5 73. Nd8+ Kc7 74. Ne6+ Kb7 75. Nxg5 Na7 1/2-1/2

[Event "Canarias-ch"]
[Site "Santa Cruz de Tenerife"]
[Date "2018.05.11"]
[Round "2"]
[White "Gutierrez Olivares, Daniel"]
[Black "Vera Martin, Antonio"]
[Result "1/2-1/2"]
[WhiteElo "2312"]
[BlackElo "1918"]
[PlyCount "83"]
[EventDate "2018.05.10"]
[EventType "swiss"]
[EventRounds "6"]
[EventCountry "ESP"]
[SourceTitle "EXT 2022"]
[Source "ChessBase"]
[SourceDate "2021.10.06"]
[SourceVersion "1"]
[SourceVersionDate "2021.10.06"]
[SourceQuality "1"]

1. e4 c6 2. d4 d5 3. f3 Qb6 4. Nc3 Nf6 5. e5 Nfd7 6. a3 e6 7. b4 a5 8. Na4 Qc7 9. Bd2 axb4 10. axb4 b6 11. b5 c5 12. c3 Be7 13. Bd3 0-0 14. f4 f5 15. Nf3 c4 16. Bc2 Re8 17. Rg1 Nf8 18. g4 Kh8 19. gxf5 exf5 20. Ng5 Bxg5 21. Rxg5 g6 22. Qf3 Be6 23. Ke2 Ra5 24. h4 h5 25. Rxh5+ Nh7 26. Rg5 Nxg5 27. fxg5 Kg7 28. h5 Rh8 29. Rh1 Qf7 30. h6+ Kh7 31. Rb1 Nd7 32. Rb4 Rha8 33. Bc1 R8a7 34. Kd2 Qg8 35. Nb2 Qe8 36. Qg3 Ra8 37. Nd1 Nf8 38. Ne3 Qd7 39. Qf3 Ra2 40. Bb2 Kh8 41. Kc1 Nh7 42. Ng2 1/2-1/2

[Event "Arrecife de Lanzarote op"]
[Site "Arrecife de Lanzarote"]
[Date "2017.06.12"]
[Round "3"]
[White "Diaz Perez, Jose Juan"]
[Black "Vera Martin, Antonio"]
[Result "0-1"]
[WhiteElo "1741"]
[BlackElo "1897"]
[PlyCount "68"]
[EventDate "2017.06.11"]
[EventType "swiss"]
[EventRounds "9"]
[EventCountry "ESP"]
[SourceTitle "EXT 2018"]
[Source "ChessBase"]
[SourceDate "2017.10.13"]
[SourceVersion "1"]
[SourceVersionDate "2017.10.13"]
[SourceQuality "1"]

1. d4 f5 2. Nf3 d6 3. Bf4 g6 4. Nc3 Bg7 5. h4 Nf6 6. Qd2 h6 7. 0-0-0 c6 8. e3 b5 9. Bd3 a5 10. Rhe1 a4 11. e4 b4 12. Nb1 fxe4 13. Bxe4 Nxe4 14. Rxe4 Bf5 15. Re3 Na6 16. g4 Bxg4 17. Rg1 Bf5 18. h5 g5 19. Nxg5 hxg5 20. Rxg5 Bh6 21. Rxf5 Qd7 22. Rf6 Bxf4 23. Rxf4 Rxh5 24. Rfe4 Rh1+ 25. Re1 Rxe1+ 26. Qxe1 Nc7 27. Qxb4 Nd5 28. Qe1 Rb8 29. Na3 Qf5 30. Nc4 Kd7 31. a3 Rh8 32. Qe2 Rh1+ 33. Kd2 Qg5+ 34. Ne3 Nf6 0-1

[Event "Canarias-chT"]
[Site "Arrecife de Lanzarote"]
[Date "2016.06.25"]
[Round "5.1"]
[White "Vera Martin, Antonio"]
[Black "Marrero Lopez, Agustin"]
[Result "1-0"]
[WhiteElo "1947"]
[BlackElo "1814"]
[PlyCount "84"]
[EventDate "2016.06.23"]
[EventType "team-swiss"]
[EventRounds "6"]
[EventCountry "ESP"]
[SourceTitle "EXT 2021"]
[Source "ChessBase"]
[SourceDate "2020.10.23"]
[SourceVersion "1"]
[SourceVersionDate "2020.10.23"]
[SourceQuality "1"]
[WhiteTeam "Marina Lanzarote"]
[BlackTeam "Maspalomas"]
[WhiteTeamCountry "ESP"]
[BlackTeamCountry "ESP"]

1. d4 d5 2. g3 g6 3. Bg2 Bg7 4. Nf3 Nf6 5. 0-0 0-0 6. c4 e6 7. Nc3 c6 8. Ne5 Nbd7 9. f4 Nxe5 10. fxe5 Nd7 11. cxd5 exd5 12. e4 Nb6 13. exd5 cxd5 14. Bf4 a6 15. Qc1 Be6 16. Bh6 Rc8 17. Bxg7 Kxg7 18. Qf4 Rc4 19. Rac1 Rc6 20. b3 Qe7 21. Ne2 Rfc8 22. Rxc6 bxc6 23. h4 h5 24. Rc1 Bf5 25. Qd2 Qa7 26. Kh2 a5 27. a4 Nd7 28. Nf4 Nf8 29. Rc5 Ne6 30. Rxa5 Qb6 31. Nxe6+ fxe6 32. b4 Rb8 33. Qg5 Qc7 34. Qd2 Qe7 35. b5 c5 36. Ra6 c4 37. Qa5 Rb7 38. b6 Bd3 39. Ra7 c3 40. Rxb7 Qxb7 41. Qxc3 Ba6 42. a5 Qd7 1-0

[Event "Gran Canaria CupT"]
[Site "Gran Canaria"]
[Date "2011.06.04"]
[Round "6.4"]
[White "Vera Martin, Antonio"]
[Black "Heimbaecher, Peter"]
[Result "1-0"]
[WhiteElo "1845"]
[BlackElo "1904"]
[PlyCount "85"]
[EventDate "2011.06.02"]
[EventType "team-tourn"]
[EventRounds "7"]
[EventCountry "ESP"]
[SourceTitle "CBM 142 Extra"]
[Source "ChessBase"]
[SourceDate "2011.06.27"]
[SourceVersion "1"]
[SourceVersionDate "2011.06.27"]
[SourceQuality "1"]
[WhiteTeam "Sociedad Democracia"]
[BlackTeam "Rey Ahogado"]
[WhiteTeamCountry "ESP"]
[BlackTeamCountry "ESP"]

1. d4 Nf6 2. c4 e5 3. d5 Bc5 4. e3 0-0 5. Nc3 a5 6. Bd3 d6 7. Nge2 Ng4 8. h3 Qh4 9. 0-0 Nh6 10. Ng3 f5 11. Qh5 Qf6 12. Kh1 Nd7 13. f4 e4 14. Bc2 Nb6 15. Qe2 Qg6 16. Kh2 Bd7 17. b3 Qf6 18. Bb2 Qh4 19. Qh5 Qxh5 20. Nxh5 Bxe3 21. Nd1 g6 22. Nf6+ Rxf6 23. Bxf6 Bc5 24. Re1 Kf7 25. Bc3 c6 26. dxc6 bxc6 27. Ne3 d5 28. Rad1 Be6 29. Bd4 Bxd4 30. Rxd4 c5 31. Rd2 d4 32. Nf1 Ng8 33. Bd1 Nf6 34. g4 e3 35. Nxe3 dxe3 36. Rxe3 fxg4 37. Rd6 gxh3 38. Rexe6 Nbd7 39. Bf3 Ra7 40. Bd5 Kg7 41. Re7+ Kf8 42. Rf7+ Ke8 43. Rdxf6 1-0

[Event "Gran Canaria CupT"]
[Site "Gran Canaria"]
[Date "2011.06.02"]
[Round "1.4"]
[White "Vera Martin, Antonio"]
[Black "Cruz Gomez, Isidro"]
[Result "0-1"]
[WhiteElo "1845"]
[BlackElo "1951"]
[PlyCount "122"]
[EventDate "2011.06.02"]
[EventType "team-tourn"]
[EventRounds "7"]
[EventCountry "ESP"]
[SourceTitle "CBM 142 Extra"]
[Source "ChessBase"]
[SourceDate "2011.06.27"]
[SourceVersion "1"]
[SourceVersionDate "2011.06.27"]
[SourceQuality "1"]
[WhiteTeam "Sociedad Democracia"]
[BlackTeam "La Palma CajaCanarias"]
[WhiteTeamCountry "ESP"]
[BlackTeamCountry "ESP"]

1. d4 d5 2. c4 dxc4 3. e3 Nf6 4. Bxc4 e6 5. Nc3 c5 6. d5 exd5 7. Nxd5 Nc6 8. Ne2 a6 9. a4 Ne5 10. Nxf6+ Qxf6 11. Bd5 Be7 12. 0-0 0-0 13. f4 Nc6 14. Bd2 Bg4 15. Bc3 Qh6 16. h3 Be6 17. Qb3 Bxd5 18. Qxd5 Rad8 19. Qc4 Nb4 20. Rf3 Qe6 21. Qxe6 fxe6 22. Bxb4 cxb4 23. Nd4 Kf7 24. f5 exf5 25. Rxf5+ Bf6 26. Rc1 Kg6 27. Rf4 Rde8 28. Rg4+ Kh5 29. Rc5+ Re5 30. Rxe5+ Bxe5 31. b3 Rc8 32. Ne6 Kh6 33. Rxb4 Bg3 34. Kf1 Rc2 35. Rg4 Be5 36. Rc4 Rb2 37. b4 Bg3 38. Rg4 Be5 39. Rh4+ Kg6 40. Rc4 Kf5 41. Nc5 b5 42. Rg4 h5 43. e4+ Kf6 44. Nd7+ Ke6 45. Rg5 Kxd7 46. Rxe5 bxa4 47. Ra5 Rxb4 48. Rxa6 Rxe4 49. Ra7+ Kd6 50. Rxg7 Kc5 51. Ra7 Kb4 52. Kf2 a3 53. Rb7+ Kc3 54. Ra7 Kb3 55. Kf3 Ra4 56. Rb7+ Rb4 57. Ra7 a2 58. Rxa2 Kxa2 59. g4 hxg4+ 60. hxg4 Kb2 61. g5 Kb3 0-1